zpět

Detail výsledku týmu

Koruna, Břeclav

Datum a čas kvízu

41 Celkem bodů Celkový počet nahraných bodů na tomto kvízu bez doplňovacích otázek.
3. Pořadí na kvízu Konečné umístění týmu na tomto kvízu.

Zaznamenané odpovědi

# Otázka Odpověď Body Výsledky
1. Kvíz otevřeme pěti otázkami tý... z krocana/krůty 1
2. "Bylo půl šestý ráno a ty ses... na 18 stránkách 1
3. Když se Ross dozví, že je Rach... výrobci kondomů 1
4. Zůstaneme u telefonování. V je... lampičku 1
5. V úplně posledním díle se přát... v tanci 1
6. Trojčata, která Phoebe přivedl... Chandler 1
7. Jednou se Phoebe stalo, že si... prst (palec), 7 000 USD 0.5
8. Když si Phoebe změní jméno na... Valerie 0
9. V jedné epizodě zpívá Phoebe v... Ross 1
10. Jednou přišla Rachel do masážn... Ikea 1